Southville International School and Colleges
Your cart is empty.
  • Cart
  • Lists
    Public lists Eva Luna New books Lux_list list_1
    Your lists Log in to create your own lists
  • Log in to your account
  • Your cookies
  • Search history
Southville International School and Colleges
  • Advanced search
  • Recent comments
  • Most popular
  • Libraries

Log in to your account

Log in with GOOGLE


If you do not have an external account, but do have a local account, you can still log in:

  1. Home
  2. MARC view: Mythic astrology /
Normal view MARC view ISBD view

Mythic astrology / (Record no. 356556)

[ view plain ]
MARC details
000 -LEADER
fixed length control field 00602nam a2200229Ia 4500
008 - FIXED-LENGTH DATA ELEMENTS--GENERAL INFORMATION
fixed length control field 180523s9999 xx 000 0 und d
020 ## - INTERNATIONAL STANDARD BOOK NUMBER
International Standard Book Number 0-671-50094-5
050 ## - LIBRARY OF CONGRESS CALL NUMBER
Classification number MAIN BF 1729.M9
050 ## - LIBRARY OF CONGRESS CALL NUMBER
Item number .G74 1994
100 ## - MAIN ENTRY--PERSONAL NAME
Personal name Greene, Liz.
245 #0 - TITLE STATEMENT
Title Mythic astrology /
245 #0 - TITLE STATEMENT
Statement of responsibility, etc Liz Greene ; cards illustrated by Anthea Toorchen.
260 ## - PUBLICATION, DISTRIBUTION, ETC. (IMPRINT)
Place of publication, distribution, etc New York :
260 ## - PUBLICATION, DISTRIBUTION, ETC. (IMPRINT)
Name of publisher, distributor, etc Simon & Schuster,
260 ## - PUBLICATION, DISTRIBUTION, ETC. (IMPRINT)
Date of publication, distribution, etc 1994
300 ## - PHYSICAL DESCRIPTION
Extent 224 pages :
300 ## - PHYSICAL DESCRIPTION
Other physical details illustrations ;
300 ## - PHYSICAL DESCRIPTION
Dimensions 21 cm.
500 ## - GENERAL NOTE
General note Includes bibiliographical references.
650 ## - SUBJECT ADDED ENTRY--TOPICAL TERM
Topical term or geographic name as entry element Astrology.
650 ## - SUBJECT ADDED ENTRY--TOPICAL TERM
General subdivision Mythology.
Holdings
Withdrawn status Lost status Damaged status Home library Current library Shelving location Date acquired Total Checkouts Full call number Barcode Date last seen Price effective from Koha item type
      South Mansfield College South Mansfield College   04/05/2011   MAIN BF 1729.M9 .G74 1994 SMC05612 05/23/2018 05/23/2018  

Mythic astrology /

APA

Greene L., .Mythic astrology. New York: .

Chicago

Greene Liz, .Mythic astrology. New York: .

Harvard

Greene L., .Mythic astrology. New York: .

MLA

Greene Liz, .New York: . .

  • Place hold
  • Print
  • Cite
  • Add to your cart (remove)
  • Save record
    BIBTEX Dublin Core MARCXML MARC (non-Unicode/MARC-8) MARC (Unicode/UTF-8) MARC (Unicode/UTF-8, Standard) MODS (XML) RIS
  • More searches
    Search for this title in:
    Other Libraries (WorldCat) Other Databases (Google Scholar) Online Stores (Bookfinder.com) Open Library (openlibrary.org)

Exporting to Dublin Core...

SOUTHVILLE LIBRARY

Southville International School and Colleges Library

1281 Tropical Ave. Cor. Luxembourg St., BF Homes International, Las Pinas City

Tel. No. 8256374 / 252358 Loc. 117/146

Powered by Koha